Respiratory enzymes

Bewaard in:
Bibliografische gegevens
Hoofdauteurs: Lardy, Henry A (Auteur), Anderson, Laurens (Auteur)
Formaat: Boek
Taal:Engels
Gepubliceerd in: Minneapolis Burges 1949
Onderwerpen:
Tags: Voeg label toe
Geen labels, Wees de eerste die dit record labelt!

MARC

LEADER 00000nam a2200000 a 4500
001 UCX9836
003 CL-VaPUC
008 940628e19490000US |||||||||||||||||eng|d
082 0 4 |a 572.7  |b LAR  |2 21 
100 0 |a Lardy, Henry A  |e author  |9 327309 
700 0 |a Anderson, Laurens  |e author  |9 327310 
245 1 0 |a Respiratory enzymes 
300 |a 290 p 
942 |c BK 
945 |d 19940628 00:00:00  |a mfernand 
260 |a Minneapolis  |b Burges  |c 1949 
650 0 |a Enzimas  |9 262984 
583 |a last modification  |c 19940628 00:00:00  |k Rodrigo Vera 
999 |c 228965  |d 228963 
952 |0 0  |1 0  |4 0  |6 572_700000000000000_LAR_1949  |7 0  |8 A  |9 229473  |a BIBALI  |b BIBALI  |c GEN  |d 2019-11-15  |i 2990288  |o 572.7 LAR 1949  |p 2990288  |r 2025-01-20  |w 2019-11-15  |y BK  |k ALI